Memorial del Marqués de Villanueva del Ariscal sobre una nueva proposición moratoria que el Rey le ha hecho

Detalles Bibliográficos
Otros Autores: Marqués de Villanueva del Ariscal y la Provenza
Formato: Libro
Publicado: s.l., s.f.
Materias:
Colección:Banco de datos
Acervo:Biblioteca Palafoxiana. Colección de Manuscritos
Descripción Física:3 f. ; 21 x 28.6 cm.
Tema general:Eclesiástica
LEADER 00482nam a22001450004500
035 |a 206 
245 1 0 |a Memorial del Marqués de Villanueva del Ariscal sobre una nueva proposición moratoria que el Rey le ha hecho 
260 |a s.l., s.f. 
300 |a 3 f. ; 21 x 28.6 cm. 
650 1 0 |a Eclesiástica 
700 1 |a Marqués de Villanueva del Ariscal y la Provenza 
949 |a 19171/009 
942 |c PALAMANU 
943 |g Biblioteca Palafoxiana. Colección de Manuscritos 
999 |c 1068151  |d 1068151